=LDR 00000nam 2200000 4500 =001 INLIS000000000029605 =005 20130612131827 =008 ***********************************Ind** =035 ##$$0010-061300000029605 =041 ##$$a Ind =082 ##$$a 347.01 =090 ##$$a 347.01, Muh p =100 ##$$a Muhammad, Rusli =245 ##$$a Potret lembaga pengadilan Indonesia, oleh Rusli Muhammad =260 ##$$a 2006 $b Jakarta =300 ##$$a xii, 250 hlm, 21 cm =650 ##$$a Pengadilan =850 ##$$a NBPNMAT =990 ##$$a 0001/BPAP-NTB/2016 =990 ##$$a 21602934/BPAP-NTB/2017